000 00326nam a22001337a 4500
008 170525b xxu||||| |||| 00| 0 eng d
020 _a389044458
041 _aeng
080 _a621.3
100 _a26
101 _aIM
245 _aINTRODUCTION TO THE INIFIED THEORY OF ELECTROMAGNETIC MACHINES
_cSAY,M.G
942 _2udc
_cBK
999 _c14297
_d14297